Regulácia lobingu v USA a Japonsku
Lobing ovplyvňuje globálne obchodné vzťahy medzi Európskou úniou a Spojenými štátmi ako aj Japonskom. V USA pôsobí vyše 20 000 profesionálnych lobistických organizácií, ktorých počet stále rastie. Pravidlá regulácie v USA vyžadujú registráciu lobistov operujúcich podľa inštitucionalizovaných regulí....
Gespeichert in:
| 1. Verfasser: | |
|---|---|
| Format: | Buchkapitel |
| Sprache: | Slowakisch |
| Schlagworte: | |
| Tags: |
Keine Tags, Fügen Sie das erste Tag hinzu!
|
MARC
| LEADER | 00000nla$a2200000$$$4500 | ||
|---|---|---|---|
| 001 | 0100155 | ||
| 005 | 20240711105444.6 | ||
| 041 | 0 | |a slo | |
| 044 | |a SK | ||
| 245 | 1 | 0 | |a Regulácia lobingu v USA a Japonsku |c Marek Malík |
| 520 | |a Lobing ovplyvňuje globálne obchodné vzťahy medzi Európskou úniou a Spojenými štátmi ako aj Japonskom. V USA pôsobí vyše 20 000 profesionálnych lobistických organizácií, ktorých počet stále rastie. Pravidlá regulácie v USA vyžadujú registráciu lobistov operujúcich podľa inštitucionalizovaných regulí. Na rozdiel od tohto systému je japonský systém založený na miestnych historických tradíciách a funguje na neoficiálnom základe bez regulácie a pevných pravidiel. | ||
| 610 | 2 | 0 | |a lobizmus |
| 610 | 2 | 0 | |a skupiny záujmové |
| 610 | 2 | 0 | |a regulácia |
| 610 | 2 | 0 | |a zákony |
| 610 | 2 | 0 | |a moc výkonná |
| 610 | 2 | 0 | |a vláda |
| 610 | 2 | 0 | |a ministerstvá |
| 610 | 2 | 0 | |a USA |
| 610 | 2 | 0 | |a Japonsko |
| 100 | 1 | |a Malík, Marek | |